000
00296nam a2200109 a 4500
005
20201002044913.0
008
140402s1970 000 spa d
100
_a
Poe, Edgar Allan
_9
55039
245
4
_a
Las aventuras de gordon pym.
260
_a
Madrid -- Libra,
_c
1970 -- 179 p.
999
_c
43146
_d
43146
040
_a
DO-SdBNP